| 000 | 00414 a2200145 4500 | ||
|---|---|---|---|
| 999 |
_c4471 _d4471 |
||
| 020 | _a9780333577417 | ||
| 050 | _aLB3011FOR1993 | ||
| 100 |
_aForojalla,S.B _eauthor |
||
| 245 |
_aEducational planning for development / _cS. B Forojalla |
||
| 264 |
_aNew York, N.Y. : _b Martin's Press, _c1993 |
||
| 300 | _a384p. : | ||
| 500 | _aincludes index | ||
| 650 | _a Educational planning. | ||
| 942 |
_2lcc _cBK _h3011 _iFOR _kLB |
||